The art of Drug Synthesis (Record no. 2694)

MARC details
000 -LEADER
fixed length control field 00524nam a22001937a 4500
003 - CONTROL NUMBER IDENTIFIER
control field OSt
005 - DATE AND TIME OF LATEST TRANSACTION
control field 20180419123241.0
008 - FIXED-LENGTH DATA ELEMENTS--GENERAL INFORMATION
fixed length control field 151126b xxu||||| |||| 00| 0 eng d
020 ## - INTERNATIONAL STANDARD BOOK NUMBER
International Standard Book Number 9780471752158
040 ## - CATALOGING SOURCE
Transcribing agency DNLM
082 ## - DEWEY DECIMAL CLASSIFICATION NUMBER
Classification number QV778 A75d 2007
100 ## - MAIN ENTRY--PERSONAL NAME
Personal name edited by Johnson, Douglas S.; Jack, LI Jie
9 (RLIN) 6314
245 ## - TITLE STATEMENT
Title The art of Drug Synthesis
260 ## - PUBLICATION, DISTRIBUTION, ETC. (IMPRINT)
Place of publication, distribution, etc. New Jersey; Wiley, 2007
300 ## - PHYSICAL DESCRIPTION
Extent xv, 276p; col.ill: 26.5cm
504 ## - BIBLIOGRAPHY, ETC. NOTE
Bibliography, etc References, & index included
650 ## - SUBJECT ADDED ENTRY--TOPICAL TERM
Topical term or geographic name as entry element Drugs
9 (RLIN) 1642
942 ## - ADDED ENTRY ELEMENTS (KOHA)
Source of classification or shelving scheme Other/Generic Classification Scheme
Koha item type Open Shelf
Holdings
Withdrawn status Lost status Source of classification or shelving scheme Damaged status Not for loan Home library Current library Date acquired Source of acquisition Inventory number Total Checkouts Full call number Barcode Date last seen Koha item type
    Other/Generic Classification Scheme     MUST Main Library MUST Main Library 26/11/2015   14/38361   QV778 A75d 2007 2015-2793 26/11/2015 Open Shelf
    Other/Generic Classification Scheme     MUST Main Library MUST Main Library 19/04/2018   17/40627   QV778 A75d 2007 2018-0227 19/04/2018 Open Shelf